|
|
|
|
| LEADER |
01465njm a2200457 a 4500 |
| 001 |
000484893 |
| 003 |
CZ BrMZK |
| 005 |
20000105143423.0 |
| 008 |
000105s2000 xr f cze d |
| 028 |
0 |
3 |
|a 497903-4
|b Sony Music Bonton
|
| 040 |
|
|
|a BOA001
|b cze
|
| 080 |
|
|
|a 784.4"2000"(086.7)
|2 MRF
|
| 110 |
2 |
|
|a Těžkej Pokondr (hudební skupina)
|7 ko2003173957
|4 prf
|
| 245 |
1 |
0 |
|a Vypusťte Krakena :
|b multiplatinová edice
|h [zvukový záznam] /
|c Těžkej Pokondr.
|
| 246 |
3 |
3 |
|a Vinetů - Sam Hawkins
|
| 246 |
3 |
3 |
|a Z mamba nejsem štajf
|
| 246 |
3 |
3 |
|a Zlatý slavík
|
| 246 |
3 |
3 |
|a Čórli mi kola
|
| 246 |
3 |
3 |
|a Dolly Buster
|
| 246 |
3 |
3 |
|a Dřou fest
|
| 246 |
3 |
3 |
|a Hasiči, has!
|
| 246 |
3 |
3 |
|a Korále, sandále
|
| 246 |
3 |
3 |
|a Maso na guláš
|
| 246 |
3 |
3 |
|a Montér v kvartýru
|
| 246 |
3 |
3 |
|a Máma má rýmu
|
| 246 |
3 |
3 |
|a Naproti maj sejf
|
| 246 |
3 |
3 |
|a Radek
|
| 246 |
3 |
3 |
|a Torpédo
|
| 246 |
3 |
3 |
|a Vinetů
|
| 260 |
|
|
|a Praha :
|b Sony Music Bonton,
|c p2000
|
| 300 |
|
|
|a 1 MC +
|e 1 slož. list.
|
| 306 |
|
|
|a 010017
|
| 500 |
|
|
|a Durata 60:17
|
| 500 |
|
|
|a Texty písní v doprovod. mater.
|
| 500 |
|
|
|a Nahr. 1999, 2000
|
| 505 |
2 |
|
|a Vinetů, Máma má rýmu, Korále, sandále ... [et al.]
|
| 653 |
0 |
|
|a populární hudba
|a populární písně
|
| 910 |
|
|
|a BOA001
|b KZ-0008.799
|
| 964 |
|
|
|a Hudba populární
|z r.2000
|x MC
|
| 990 |
|
|
|a AV
|
| 996 |
6 |
|
|b 261H009538
|c KZ-0008.799
|l MZK
|r Sklad / do 24 hodin
|n 0
|p p.v.
|w 000484893
|u 000010
|a 1
|e BOA001
|j MZK50
|s P
|